000 00717nam a2200205 a 4500
001 000025175
005 20200930023616.0
008 110210s1959 sp r 000 p spa d
040 _aDO-SdBNP
_bspa
_cBNPHU
082 _a861.008
_bB149l
245 0 0 _aLibro del idioma :
_bantología de prosa castellana /
_cSelección y vocabulario por Enrique Bagué y Oriol Martorell.
260 _aBarcelona, (España) :
_bEditorial Seix Barral,
_c1959.
300 _a238 p. ;
_a18 cm.
650 4 _aPoesía española
_xColecciones
_93395
650 4 _aLiteratura española
_9632
650 4 _aPoesía española
_9631
700 1 _aBagué, Enrique,
_e1900-
_951648
700 1 _aMartorell, Oriol,
_d1927-1996
_951649
049 _aBNGR
999 _c24668
_d24668